Southville International School and Colleges
Your cart is empty.
  • Cart
  • Lists
    Public lists Eva Luna New books Lux_list list_1
    Your lists Log in to create your own lists
  • Log in to your account
  • Your cookies
  • Search history
Southville International School and Colleges
  • Advanced search
  • Recent comments
  • Most popular
  • Libraries

Log in to your account

Log in with GOOGLE


If you do not have an external account, but do have a local account, you can still log in:

  1. Home
  2. MARC view: The entrepreneur diet :
Normal view MARC view ISBD view

The entrepreneur diet : (Record no. 22812)

[ view plain ]
MARC details
000 -LEADER
fixed length control field 00606nam a2200193 a 4500
005 - DATE AND TIME OF LATEST TRANSACTION
control field 20140310183434.0
008 - FIXED-LENGTH DATA ELEMENTS--GENERAL INFORMATION
fixed length control field 080116s19uu xx 00 eng d
020 ## - INTERNATIONAL STANDARD BOOK NUMBER
International Standard Book Number 159918060x
050 ## - LIBRARY OF CONGRESS CALL NUMBER
Classification number RA 777.63
Item number .W44 2007
100 ## - MAIN ENTRY--PERSONAL NAME
Personal name Weede, Tom
245 ## - TITLE STATEMENT
Title The entrepreneur diet :
Remainder of title the on the go plan for fitness, weight loss, and healthy living /
Statement of responsibility, etc Tom Weede.
260 ## - PUBLICATION, DISTRIBUTION, ETC. (IMPRINT)
Place of publication, distribution, etc U.S.A :
Name of publisher, distributor, etc Entrepreneur Media, Inc,
Date of publication, distribution, etc 2007.
300 ## - PHYSICAL DESCRIPTION
Extent 296 p. :
Dimensions 24 cm.
521 ## - TARGET AUDIENCE NOTE
Target audience note
650 ## - SUBJECT ADDED ENTRY--TOPICAL TERM
Topical term or geographic name as entry element Business people
General subdivision Health and hygiene.
650 ## - SUBJECT ADDED ENTRY--TOPICAL TERM
Topical term or geographic name as entry element Business people
General subdivision Nutrition.
942 ## - ADDED ENTRY ELEMENTS (KOHA)
Koha item type Books
Source of classification or shelving scheme Library of Congress Classification
Call number prefix Foreign
Holdings
Withdrawn status Lost status Source of classification or shelving scheme Damaged status Home library Current library Shelving location Date acquired Source of acquisition Total Checkouts Full call number Barcode Date last seen Copy number Price effective from Koha item type
    Library of Congress Classification   College Library College Library General Circulation Section 01/16/2008 Donation   RA 777.63 .W44 2007 C9062 05/15/2018 1 03/10/2014 Books

The entrepreneur diet :

APA

Weede T., . (2007). The entrepreneur diet. U.S.A: Entrepreneur Media, Inc.

Chicago

Weede Tom, . 2007. The entrepreneur diet. U.S.A: Entrepreneur Media, Inc.

Harvard

Weede T., . (2007). The entrepreneur diet. U.S.A: Entrepreneur Media, Inc.

MLA

Weede Tom, . The entrepreneur diet. U.S.A: Entrepreneur Media, Inc. 2007.

  • Place hold
  • Print
  • Cite
  • Add to your cart (remove)
  • Save record
    BIBTEX Dublin Core MARCXML MARC (non-Unicode/MARC-8) MARC (Unicode/UTF-8) MARC (Unicode/UTF-8, Standard) MODS (XML) RIS
  • More searches
    Search for this title in:
    Other Libraries (WorldCat) Other Databases (Google Scholar) Online Stores (Bookfinder.com) Open Library (openlibrary.org)

Exporting to Dublin Core...

SOUTHVILLE LIBRARY

Southville International School and Colleges Library

1281 Tropical Ave. Cor. Luxembourg St., BF Homes International, Las Pinas City

Tel. No. 8256374 / 252358 Loc. 117/146

Powered by Koha